Welcome to the Holygrace Academy Library

Please use search bar below to get started

MALAYALATHINTE PRIYA KAVITHAKAL (Record no. 8555)

MARC details
000 -LEADER
fixed length control field 00449nam a22001577a 4500
020 ## - INTERNATIONAL STANDARD BOOK NUMBER
ISBN 81-8423-265-9
082 ## - DEWEY DECIMAL CLASSIFICATION NUMBER
Classification number 894.812.1
Item number EDA/M
100 ## - MAIN ENTRY--AUTHOR NAME
Personal name EDASSERY GOVINDAN NAIR
245 ## - TITLE STATEMENT
Title MALAYALATHINTE PRIYA KAVITHAKAL
246 ## - VARYING FORM OF TITLE
Title proper/short title MALAYALATHINTE PRIYA KAVITHAKAL
Remainder of title MALAYALATHINTE PRIYA KAVITHAKAL
260 ## - PUBLICATION, DISTRIBUTION, ETC. (IMPRINT)
Place of publication THRISSURE,INDIA
Name of publisher GREEN BOOKS
Year of publication 2013
300 ## - PHYSICAL DESCRIPTION
Number of Pages 216
520 ## - SUMMARY, ETC.
Summary, etc MALAYALAM KAVITHAKAL
650 ## - SUBJECT ADDED ENTRY--TOPICAL TERM
Topical Term MALAYALAM KAVITHAKAL
942 ## - ADDED ENTRY ELEMENTS (KOHA)
Koha item type Books
Holdings
Withdrawn status Lost status Collection code Home library Current library Shelving location Date acquired Source of acquisition Cost, normal purchase price Full call number Accession Number Koha item type
    Fiction Main Library Main Library SHELF-16H-MALAYALAM POEMS 23/06/2016 PURCHASED 190.00 894.812.1 EDA/M 04310 Books